The facts on file : school thesaurus

Bibliographic Details
Main Authors: Hellweg, Paul (Author), Kirkpatrick, Betty , 1940- (Author)
Format: Book
Published: New Delhi : Viva Books , c1991
Subjects:

MARC

LEADER 00000cam a2200000 7i4500
001 0000029621
005 20170529093000.0
008 021119s1991
090 0 0 |a PE1591   |b .H451 1991 
100 0 |a Hellweg, Paul ,   |e author 
245 1 4 |a The facts on file :   |b school thesaurus   |c Paul Hellweg   |f edited by Betty Kirkpatrick 
260 2 |a New Delhi :   |b Viva Books ,   |c c1991 
300 |a 287 p. ;   |c 24 cm. 
650 0 |a English language   |x Synonyms and antonyms   |v Dictionaries 
700 0 |a Kirkpatrick, Betty ,   |d 1940- ,   |e author 
999 |a 1000055168   |b Book   |c Reference   |e Gong Badak Campus